[Event "Novi Sad Putnik Schev"]
[Site "Novi Sad"]
[Date "2021.07.21"]
[Round "5"]
[White "Pavlovic, Radivoj"]
[Black "Kolagatla, Alana Meenakshi"]
[Result "0-1"]
[WhiteElo "1669"]
[BlackElo "1120"]
[PlyCount "88"]
[EventDate "2021.07.18"]
[EventType "schev"]
[EventRounds "7"]
[EventCountry "SRB"]
[SourceTitle "EXT 2022"]
[Source "ChessBase"]
[SourceDate "2021.10.06"]
[SourceVersion "1"]
[SourceVersionDate "2021.10.06"]
[SourceQuality "1"]
[WhiteTeam "Theam A"]
[BlackTeam "Theam B"]
[WhiteTeamCountry "SRB"]
[BlackTeamCountry "SRB"]

1. c4 Nf6 2. d4 e6 3. Nf3 b6 4. Bg5 Be7 5. Nbd2 Bb7 6. e3 0-0 7. Bd3 d6 8. Qe2 Nbd7 9. Bc2 c5 10. 0-0-0 Rc8 11. b3 b5 12. Qd3 Qa5 13. Kb1 Ba6 14. Bxf6 Nxf6 15. g4 g6 16. g5 Nh5 17. d5 exd5 18. Qxd5 Rb8 19. cxb5 Bxb5 20. Kb2 Rfe8 21. Nc4 Qb4 22. Nxd6 Bxd6 23. Qxd6 Be2 24. Ne5 Bxd1 25. Rxd1 Qb6 26. Qd5 Qc7 27. f4 Rbd8 28. Qc4 Rxd1 29. Bxd1 Rxe5 30. fxe5 Qxe5+ 31. Ka3 Qxg5 32. e4 Qe5 33. Qd5 Qxh2 34. Qxc5 Qh1 35. Bc2 Qc1+ 36. Ka4 Nf6 37. e5 Qf4+ 38. b4 Ng4 39. Qc8+ Kg7 40. e6 fxe6 41. Qxe6 Nf6 42. Qe7+ Kh6 43. Qxa7 Nd5 44. Bb3 Qxb4# 0-1